[Event "ISR-ch"]
[Site "Ramat Aviv"]
[Date "2004.09.21"]
[Round "3"]
[White "Avrukh, Boris"]
[Black "Lerner, Konstantin Z"]
[Result "1/2-1/2"]
[WhiteElo "2600"]
[BlackElo "2494"]
[Annotator "Avrukh,B"]
[PlyCount "75"]
[EventDate "2004.09.19"]
[EventType "swiss"]
[EventRounds "9"]
[EventCountry "ISR"]
[SourceTitle "CBM 104"]
[Source "ChessBase"]
[SourceDate "2005.01.27"]
[SourceVersion "1"]
[SourceVersionDate "2005.01.27"]
[SourceQuality "1"]

1. d4 Nf6 2. c4 e6 3. g3 d5 4. Bg2 Bb4+ {One of the most solid lines for Black
against Catalon.} 5. Bd2 Be7 6. Nf3 O-O 7. O-O c6 8. Bf4 b6 (8... Nbd7 9. Qb3
b6 10. Nc3 Nh5 11. Be3 Nhf6 12. Rac1 Bb7 13. Rfd1 Rc8 14. a3 h6 15. Bf4 Nh5 16.
Bd2 Nhf6 17. Be1 dxc4 18. Qxc4 c5 19. Qd3 cxd4 20. Nxd4 Bxg2 21. Kxg2 Qc7 {
1/2-1/2 Ivanchuk,V-Macieja,B/Calvia ESP 2004/The Week in Chess 521 (26)}) 9.
Nc3 {Recently a fashionable line,which hardly promise White any advantage.} ({
The alternative is :} 9. Qc2) 9... Bb7 10. Rc1 Nbd7 ({Quite interesting :} 
10... Nh5 11. Bxb8 Qxb8 12. Ne5 Nf6 13. e3 Rd8 14. cxd5 cxd5 15. f4 g6 16. g4
Nd7 17. Qe1 {1/2-1/2 Khalifman,A-Adams,M/Izmir TUR 2004/The Week in Chess 518 
(17)}) 11. Qb3 Nh5 $1 {The best reply.} 12. Be5 (12. Be3 f5 (12... Nhf6 $1) 13.
cxd5 exd5 14. Ne5 Nxe5 15. dxe5 Kh8 16. f4 {1-0 Chiburdanidze,M-Akhmilovskaya,
E/Borzhomi/Sofia 1986/EXT 97-B (40)}) (12. Rfd1 Nxf4 13. gxf4 Bd6 14. e3 Qe7
$11) 12... Nhf6 $1 (12... f6 13. cxd5 cxd5 14. Bf4 (14. Bc7 Qxc7 15. Nxd5 Qd6
16. Nxe7+ Qxe7 17. Rc7 Bd5 18. Qb5) 14... Nxf4 15. gxf4 f5 16. Nb5 $14) 13. Bf4
(13. Rfd1 Nxe5 14. Nxe5 Bd6 {leaves Black with comfortable position.}) 13...
Nh5 14. Be3 Nhf6 (14... f5 15. cxd5 exd5 16. Ne5 $1 {gives White some edge,as
we can see from the game Chiburdanidze-Akhmylovskaya,see notes to 12 Be3.}) 15.
Rfd1 Bd6 $6 {A questionable choice , which allows White to change the
pawnstructure in his favour.} ({The natural} 15... Rc8 {is much stronger , as
you can see from the game Ivanchuk-Macieja mentioned above.} 16. Ne5 $140 (16.
cxd5 cxd5 $1 $11) 16... Nxe5 17. dxe5 Ng4 $1 18. cxd5 Nxe3 19. dxc6 Nxd1 20.
cxb7 Rxc3 $1 21. bxc3 Nxf2 22. Kxf2 Qd2 $17 {[%csl Rf2]}) 16. cxd5 exd5 ({After
} 16... cxd5 17. Nb5 Bb8 18. Bf4 $1 Bxf4 19. gxf4 Ba6 20. Ne5 $1 {with White's
advantage.}) 17. Bg5 $1 {Now White is ready to give up his bishop.} Be7 {
defending against possible 18 e4.} (17... h6 18. Bxf6 Nxf6 19. e3 $14 (19. e4
$6 dxe4 20. Ne5 Qb8 $11)) (17... Re8 $143 $2 18. e4 $1 dxe4 19. Ne5 Bxe5 20.
dxe5 Rxe5 21. Nxe4 $36) 18. e3 Ne8 $6 {Played with very good positional idea :
to transfer his knight to d6,where he will perfectly placed , controling c4
and e4 squares.The probem, that black most probably missed or underestimated
my 20th move.} (18... Re8 $142 $14) 19. Bxe7 Qxe7 20. e4 $1 {Very strong
tactical solution.White manages to breakthrough in the center completely
changing the character of the game.} dxe4 21. Nxe4 Nef6 (21... Qxe4 $140 22.
Ne5 Qf5 23. g4 Qe6 24. Qxe6 fxe6 25. Nxd7 Rf4 26. Ne5 $16 {[%csl Gc6]}) 22. Nc5
$1 {Another tactical blow,which secures White's edge.} Nxc5 (22... bxc5 $2 23.
Qxb7 $16 {[%csl Gc5,Gc6]}) 23. dxc5 bxc5 (23... Nd5 24. Nd4 (24. cxb6 axb6 25.
Nd4 {also very strong.}) 24... bxc5 25. Nf5 Qf6 26. Qxb7 Qxf5 27. Qxc6 $18) 24.
Re1 Qc7 25. Rxc5 $16 {[%csl Ga7,Gc6]} Rfe8 26. h3 {White has some problems
with first rank,so to make an escape hole is quite essential.} (26. Ne5 Rad8 {
didn't appeal to me due to very unpleasant pin along the e-file.} (26... Ng4
27. Qc3)) 26... Qb6 27. Qc2 Nd7 28. Rxe8+ Rxe8 29. Rc3 g6 (29... c5 $2 30. Ng5
$40 {[%csl Gh7][%cal Gc3b3]}) {This attractive move actually a serious
inaccuracy ,which allows Black to simplify the position.} 30. Ng5 $2 ({The
correct continuation was:} 30. Rb3 $142 Qc5 (30... Qc7 31. Nd4 $16 {[%csl Gc6]}
) 31. Qxc5 (31. Qd2 Nb6) 31... Nxc5 32. Ra3 a6 33. Bf1 {with clearly better
chances for White.}) (30. Qd2 Nc5 $1 (30... Nf6 $2 31. Rb3 Qc7 32. Qd4 $16 {
[%csl Ga7,Gf6]})) 30... h6 31. Ne4 c5 $1 {The point} 32. Rb3 (32. Nxc5 Re1+ $1
(32... Nxc5 $2 33. Rxc5 Re1+ 34. Kh2 Bxg2 35. Rc8+ Kh7 36. Kxg2 Qb7+ 37. Qc6
Qxb2 38. Qd5 Qf6 39. Rc7 Kg7 40. Rxa7 $16) 33. Kh2 Bxg2 34. Kxg2 (34. Nxd7 Bb7)
34... Qc6+ 35. f3 Nxc5 36. Rxc5 Qe6 37. Qc4 Re2+ (37... Qe3 38. Rc8+ Kg7 39.
Qc3+ Qxc3 40. Rxc3 Re2+ $11) 38. Kf1 Re1+ 39. Kg2 Re2+ $11) 32... Bxe4 33. Bxe4
Qe6 {[%csl Ge4,Gh3]} 34. Re3 Qf6 $1 (34... Qxa2 $140 $2 35. Bd5 Qa1+ 36. Kg2
Kf8 (36... Rxe3 37. Qxg6+ $18)) 35. Ra3 (35. Bxg6 $5 Rxe3 36. Bh7+ Kh8 37. fxe3
Qf3 38. Kh2 Qxe3 39. Be4 Ne5 {and Black is out of danger.}) 35... Qe6 36. Re3 (
{Black easily holds after} 36. Rxa7 Qxh3 37. Ra8 Rxa8 38. Bxa8 Qe6 {[%csl Ga2]}
39. b3 (39. a4 c4 {[%cal Gd7c5]}) 39... Nb6 (39... h5 $5) 40. Bf3 c4 41. bxc4
Nxc4 $11) ({The last chance was:} 36. Bg2 Qb6 {and White has only microscopic
plus.} ({Also interesting} 36... Qe1+ 37. Bf1 Qa1 (37... a5 $2 38. Qc3 $1 $16 {
[%csl Ga5]}) 38. Rxa7 Re1 39. Rxd7 Rxf1+ 40. Kg2 Qe1 $1 (40... Rg1+ 41. Kf3 Qf1
(41... Qe1 42. Qe4 $1) 42. Rd8+ Kh7 43. Qc3 $18) 41. Qxc5 Rg1+ 42. Kf3 Qe6 43.
Rd8+ Kh7 44. Qd4 Qf5+ 45. Qf4 Qe6 {and i think Black should be able to hold
the balance , due to exposed position of White's king.})) 36... Qf6 37. Rf3 Qe6
38. Re3 1/2-1/2

[Event "St Petersburg zt"]
[Site "St Petersburg"]
[Date "1993.??.??"]
[Round "6"]
[White "Ruban, Vadim"]
[Black "Tiviakov, Sergei"]
[Result "1-0"]
[WhiteElo "2595"]
[BlackElo "2575"]
[Annotator "Belov,I"]
[PlyCount "83"]
[EventDate "1993.01.??"]
[EventType "swiss"]
[EventRounds "9"]
[EventCountry "RUS"]
[SourceTitle "CBM 034"]
[Source "ChessBase"]
[SourceDate "1993.06.01"]
[SourceVersion "1"]
[SourceVersionDate "1993.06.01"]
[SourceQuality "1"]

1. d4 Nf6 2. c4 e6 3. Nf3 b6 4. g3 Bb4+ (4... Be7 5. Bg2 c6 6. O-O d5 7. Nc3
Bb7 8. b3 O-O 9. Ne5 Nbd7 10. Bf4 Nxe5 11. Bxe5 Rc8 12. Qd3 Nd7 13. Bf4 c5 $10
{Ehlvest,J-Tiviakov/Moscow/1992/}) 5. Bd2 Be7 6. Nc3 (6. Bg2 c6 7. O-O d5 8.
Ne5 Nfd7 9. cxd5 Nxe5 10. dxe5 cxd5 11. Nc3 O-O 12. Rc1 Nd7 $15 {Anand,
V-Tiviakov/Tilburg/1992/}) 6... Bb7 (6... c6 7. e4 d5 8. Bd3 $1 dxe4 9. Nxe4
Bb7 10. Qe2 Nbd7 11. O-O-O O-O 12. Rhe1 c5 13. Bc3 Nxe4 14. Bxe4 Bxe4 15. Qxe4
Nf6 16. Qb7 $1 $16 {Epishin,V-Tiviakov,S/Moscow/1992/}) 7. Bg2 c6 $146 (7...
O-O 8. O-O $14 {ECO}) 8. e4 d5 9. e5 Ne4 10. cxd5 cxd5 11. O-O O-O 12. Re1 Nxc3
(12... Na6 13. h4 {/\ 14.Ne4 de4 15.Ng5}) 13. bxc3 $1 (13. Bxc3 Nc6 14. h4 Rc8
15. Bd2 Nb4 $10) 13... Ba6 14. h4 Nc6 (14... h6 15. Nh2 Nc6 16. Qg4 Kh8 17. Qh5
$36) 15. Ng5 Na5 $6 (15... Bxg5 16. Bxg5 Qd7 17. Qg4 Kh8 18. h5 h6 $13) (15...
h6 16. Nh3 Na5 17. Qg4 Kh8 $13) 16. Qb1 $1 g6 17. Nf3 Rc8 18. h5 Rc6 19. Bf1 $1
Bxf1 20. Rxf1 $16 Kh8 21. Bh6 (21. hxg6 fxg6) 21... Rg8 22. hxg6 Rxg6 (22...
fxg6 23. Qd3 {/\ Kg2,Rh1}) 23. Bd2 Nc4 24. Qd3 b5 25. Kg2 Qa5 26. Rh1 Nxd2 27.
Qxd2 Rxc3 (27... Qxc3 $2 28. Qf4 Rg7 29. Rac1 $18) 28. Rh5 Rg7 29. Rah1 Kg8 30.
Qf4 Qd8 31. Nh2 Bg5 32. Qg4 f5 $6 (32... Rc1 33. Nf1 f5 34. exf6 Qxf6 $16) 33.
exf6 Qxf6 34. Qe2 Qg6 35. Nf3 Rc2 (35... Be7 36. Re5 Rc6 37. Qxb5 Rb6 38. Qe2)
36. Qe5 Be7 37. Qb8+ Bf8 38. Rg5 $1 Qf7 39. Rxg7+ Qxg7 40. Rh4 Rc7 41. Ne5 h5
42. Rxh5 1-0

[Event "Moscow"]
[Site "Moscow"]
[Date "1981.04.??"]
[Round "2"]
[White "Kasparov, Garry"]
[Black "Gheorghiu, Florin"]
[Result "1/2-1/2"]
[WhiteElo "2625"]
[BlackElo "2545"]
[Annotator "Belov,I"]
[PlyCount "80"]
[EventDate "1981.04.08"]
[EventType "tourn"]
[EventRounds "13"]
[EventCountry "URS"]
[EventCategory "15"]
[SourceTitle "MCL"]
[Source "ChessBase"]
[SourceDate "1999.07.01"]
[SourceVersion "1"]
[SourceVersionDate "1999.07.01"]
[SourceQuality "1"]

1. d4 Nf6 2. c4 e6 3. Nf3 b6 4. g3 Ba6 5. Nbd2 Bb7 6. Bg2 Be7 7. O-O (7. e4
Nxe4 8. Ne5 Bb4 9. Qg4 $13) 7... O-O 8. Qc2 d5 9. cxd5 exd5 10. Ne5 c5 11. Ndf3
(11. dxc5 bxc5 (11... Bxc5 12. Nd3 Be7 13. Nf3 Nbd7 14. Bf4 Rc8 $10 {Timman,
J-Sokolov,A/Tilburg/1987/1:0 (25) Inf 44/665/}) 12. Ndc4 Qc7 (12... Qc8 13. Na5
Ba6 14. Bf4 $16 {Vaganian,R-Timman,J/Amsterdam/1986/1:0 (30) Inf 42/702/}) 13.
Bf4 g5 $1 $13) 11... Nbd7 (11... Na6 12. Bh3 Ne4 13. Be3 Bd6 14. Rfd1 $13) 12.
Bf4 Ne4 13. dxc5 (13. Rfd1 Ndf6 14. dxc5 Bxc5 15. Nd3 Qe7 16. Ng5 Bd6 $10 {
Psakhis,L-Yudasin,L/Minsk/1982/0:1 (35) Inf 33/643/}) 13... Nxe5 (13... bxc5
14. Rad1 Ndf6 15. Ng5 $1 $14) 14. Nxe5 Bxc5 15. Rad1 Qc8 16. Qb3 (16. Qa4 $5
Qe6 17. Qd7 $14) 16... Qf5 17. Nd3 Rfd8 (17... d4 $142 $1 $13) 18. Nxc5 Nxc5
19. Qb4 Rac8 20. Be3 $14 h6 21. Qa3 Qd7 $6 (21... a5 $142) 22. Bd4 $6 (22. Qxa7
$1 Qb5 (22... Na4 23. Bh3 $1) (22... Qc6 23. Bxc5 bxc5 24. Rc1) 23. a4 $1 Qb4
24. Rc1 $1 $18 {Kasparov/}) 22... Qb5 23. Bh3 Rc7 24. Qf3 Ne6 $6 (24... Bc8
$142 $14) 25. Bxe6 $1 fxe6 26. Qe3 Qe8 27. Rc1 Rdc8 28. Qe5 $16 Rf7 (28... Qf7
$6 29. Rxc7 Rxc7 30. f4 $16) 29. g4 $5 Rc6 30. f4 $6 (30. f3 $142 {/\ h4-h5/})
30... Qd7 31. h4 Qc7 $6 (31... Qe7 $142 $1 32. Rxc6 Bxc6 33. g5 Rf5 $10) 32.
Rxc6 Qxe5 33. Bxe5 Bxc6 34. Rc1 Bb7 35. h5 $16 Rf8 {/\ Rc8/} 36. Rc7 Rf7 37.
Rc3 $1 Kh7 (37... Rf8 38. Ra3) 38. Kf2 g6 39. hxg6+ $2 (39. Ke3 $142 $1 gxh5
40. gxh5 $18 {/\ a4,b4-b5,Rc7/}) 39... Kxg6 40. Ra3 Bc6 (40... Bc6 41. Rc3 Bb7
42. Kg3 (42. Ke3 $16) 42... h5 43. g5 $16 {Kasparov/}) 1/2-1/2

[Event "Yerevan"]
[Site "Yerevan"]
[Date "1989.??.??"]
[Round "?"]
[White "Gligoric, Svetozar"]
[Black "Spiridonov, Nikola"]
[Result "1-0"]
[WhiteElo "2505"]
[BlackElo "2390"]
[Annotator "Bulletin"]
[PlyCount "83"]
[EventDate "1989.05.??"]
[EventType "tourn"]
[EventRounds "11"]
[EventCountry "URS"]
[EventCategory "12"]
[SourceTitle "CBM 014"]
[Source "ChessBase"]
[SourceDate "1990.02.01"]
[SourceVersion "1"]
[SourceVersionDate "1990.02.01"]
[SourceQuality "1"]

1. d4 Nf6 2. c4 e6 3. Nf3 Bb4+ 4. Bd2 c5 5. Bxb4 cxb4 6. a3 bxa3 7. Nxa3 {>< b5
} d6 8. g3 (8. e3 Nc6 9. Be2 b6 10. O-O O-O 11. Qb1 $6 a5 12. Rd1 Ba6 13. Nc2
d5 14. b3 Ne4 $15 {Beliavsky,A-Salov,V/Szirak/1987/ ->CBM 03}) 8... b6 9. Bg2
Bb7 10. O-O O-O 11. b4 (11. d5 {Timman,J-Tal,M/Bugoino/1984/1/2-1/2/1987/})
11... a5 $6 {>< b5; >= 11...Nbd7 /\ ...a6,...Qc7.} 12. Qb3 axb4 13. Qxb4 Nc6
14. Qb2 Na5 15. Rfc1 (15. Rab1 $5 Be4 16. Nd2 Bxb1 17. Bxa8 Qxa8 18. Rxb1 $16)
15... Rc8 16. Ne1 $1 {/\ Ne1-d3} Ba6 17. Qb4 Qc7 (17... Nc6 $1 18. Bxc6 $1 (18.
Qa4 $6 Nxd4 19. Ra2 d5 $1 20. e3 Ra8 $1 $13) 18... Rxc6 19. Nb5 Bxb5 (19... Bb7
$2 20. Na7 Rc7 21. Qxb6 $16) 20. cxb5 (20. Qxb5 $6 Qc8 21. Nd3 Nd7) 20... Nd5
21. Qb2 Rxc1 22. Rxc1 Qb8 (22... Qd7 $2 23. Rc6 Rc8 24. e4 $1) 23. Qc2 Ne7 24.
Qc7 Rc8 25. Qxb8 Rxb8 26. Rc7 Kf8 27. Nd3 Nd5 28. Rc6 Rb7 29. Rxd6 Nc3 $10) 18.
Nd3 Rfd8 (18... Nxc4 $2 19. Nb1 $1) (18... Bxc4 $2 19. Nb5 $1) 19. d5 e5 20. e4
Rb8 21. f4 Nd7 22. fxe5 Nxe5 23. Nxe5 dxe5 24. Nb5 Qd7 25. Rab1 Nb7 (25... Rdc8
26. Nd6 Rd8 27. c5 $1) 26. Na7 $1 Nc5 (26... Na5 27. c5 $1 Qxa7 28. cxb6 $18)
27. Nc6 Nd3 28. Qc3 $2 (28. Qa3 Nxc1 29. Nxb8 Rxb8 30. Qxa6 Nd3 31. Rxb6 $18)
28... Nxc1 29. Rxc1 Qd6 30. c5 bxc5 31. Nxd8 Rxd8 32. Qxc5 Qxc5+ 33. Rxc5 g6
34. g4 f5 35. gxf5 gxf5 36. exf5 Bd3 37. Bh3 Kg7 $5 38. Kf2 Kf6 39. Rc6+ Kg5
40. f6 Rxd5 $4 41. f7 Rd8 42. Rc8 1-0

[Event "Bugojno"]
[Site "Bugojno"]
[Date "1978.03.13"]
[Round "13"]
[White "Bukic, Enver"]
[Black "Ivkov, Borislav"]
[Result "1-0"]
[WhiteElo "2500"]
[BlackElo "2515"]
[Annotator "Bulletin"]
[PlyCount "169"]
[EventDate "1978.02.27"]
[EventType "tourn"]
[EventRounds "15"]
[EventCountry "YUG"]
[EventCategory "14"]
[SourceTitle "MCL"]
[Source "ChessBase"]
[SourceDate "1999.07.01"]
[SourceVersion "1"]
[SourceVersionDate "1999.07.01"]
[SourceQuality "1"]

1. d4 Nf6 2. c4 e6 3. Nf3 b6 4. g3 Bb7 5. Bg2 Bb4+ 6. Bd2 Be7 7. Nc3 O-O 8. O-O
d5 9. Ne5 Na6 (9... c6 10. Qa4 a6 (10... Nbd7 11. Nxc6 Bxc6 12. Qxc6 Rc8 13.
Qb5 Rxc4 14. e3 $16 {Ivkov-Langeweg, Amsterdam 1968}) 11. cxd5 cxd5 12. Rfc1
Nfd7 13. Nd3 $10 {Pomar-Unzicker, Muenchen ol 1958}) 10. Rc1 c5 11. dxc5 Nxc5
12. cxd5 exd5 (12... Nxd5 13. Nxd5 Bxd5 14. Nc6 $16) 13. Be3 Re8 14. Bd4 Ne6
15. e3 Nxd4 16. exd4 Ne4 17. Nb5 Bd6 18. Nxd6 Qxd6 19. Qa4 f6 20. Nd3 Re7 21.
Rc2 a5 22. Rfc1 Rae8 23. b4 axb4 (23... Ba6 24. Rc6 Qd8 25. Nf4 $2 Nc3 $1) 24.
Qxb4 Qd8 25. Qb3 Ba6 26. Nb2 (26. Nb4 Bc4 $2 (26... Bb7 27. Nc6 Bxc6 28. Rxc6
Re6 29. Bh3 $16) 27. Rxc4 Nd2 28. Bxd5+ $1 $18) 26... Kh8 27. h4 g5 28. hxg5
fxg5 29. Na4 Re6 30. Rc6 Nd2 31. Qxb6 Qxb6 32. Rxb6 Re1+ 33. Rxe1 Rxe1+ 34. Kh2
Bc4 35. Nc3 g4 36. Nxd5 Nf3+ 37. Bxf3 gxf3 38. Nf4 (38. Ne3 Rxe3 $1) 38... Bxa2
(38... Rf1 39. Rb2 Be2 40. Nxe2 (40. Nh3) 40... Rxf2+ 41. Kg1 Rg2+ 42. Kf1
fxe2+ 43. Rxe2 Rxg3 44. Rd2 Kg7 45. Rg2) 39. d5 Rd1 40. d6 Kg7 41. Kh3 Kf6 {*}
42. Kg4 Ke5 43. Kxf3 Rxd6 44. Rb7 $1 h6 45. Kg4 Bc4 46. Re7+ Kf6 47. Rh7 Ke5
48. Re7+ Kf6 49. Rh7 Ke5 50. Rc7 Bb3 51. Ng2 Bd1+ 52. Kh4 Bf3 53. Ne3 Rf6 54.
Re7+ Kd6 55. Re8 Bc6 56. Rd8+ Ke7 57. Rd2 Bf3 58. g4 Kf7 59. Kg3 Be4 60. f4 Ra6
61. Rd4 Ba8 62. Nc4 Kf6 63. Ne5 Ra3+ 64. Kh4 Bg2 65. Rd6+ Kg7 66. Rd7+ Kf6 67.
Rd6+ Kg7 68. Rd7+ Kf6 69. Rf7+ $1 $18 Ke6 70. Kh5 Rh3+ 71. Kg6 Be4+ 72. Kg7 h5
73. g5 Rb3 74. Ng6 Rf3 75. Nh4 Rh3 76. f5+ Kd6 77. Ng6 Rg3 78. Kf6 Rf3 79. Ne7
h4 80. g6 h3 81. Rh7 Bb1 82. g7 Ba2 83. g8=Q Bxg8 84. Nxg8 Kd5 85. Rh4 1-0

[Event "Bugojno"]
[Site "Bugojno"]
[Date "1978.03.10"]
[Round "11"]
[White "Hort, Vlastimil"]
[Black "Ivkov, Borislav"]
[Result "1/2-1/2"]
[WhiteElo "2620"]
[BlackElo "2515"]
[Annotator "Bulletin"]
[PlyCount "82"]
[EventDate "1978.02.27"]
[EventType "tourn"]
[EventRounds "15"]
[EventCountry "YUG"]
[EventCategory "14"]
[SourceTitle "MCL"]
[Source "ChessBase"]
[SourceDate "1999.07.01"]
[SourceVersion "1"]
[SourceVersionDate "1999.07.01"]
[SourceQuality "1"]

1. c4 e6 2. d4 Nf6 3. Nf3 b6 4. g3 Bb7 5. Bg2 Bb4+ 6. Nbd2 c5 7. a3 Bxd2+ 8.
Qxd2 cxd4 9. Qxd4 Nc6 10. Qc3 (10. Qh4 Rc8 11. Nd2 O-O 12. b4 Ne8 $10 {
Uhmann-Portisch, Moskau 1967}) 10... Rc8 11. b4 Ne7 12. Bg5 Nf5 13. Rc1 h6 14.
Bxf6 Qxf6 15. O-O Qxc3 16. Rxc3 Ke7 17. Rfc1 Rc7 18. c5 Rhc8 19. e3 bxc5 20.
bxc5 Kd8 $1 21. Ne5 Bxg2 22. Kxg2 d6 23. Nd3 dxc5 24. Rxc5 Rxc5 25. Nxc5 Nd6
26. Kf3 Ke7 27. Ke2 f5 28. f3 g5 29. Kd3 e5 30. Nb3 Rxc1 31. Nxc1 Ke6 32. Ne2
h5 33. Nc3 h4 34. gxh4 gxh4 35. h3 Nf7 36. f4 Nd6 37. a4 a5 38. Ne2 Ne4 39. Kc4
Nf2 40. Kb5 Nxh3 41. Kxa5 Nf2 (41... Nf2 42. Kb6 h3 43. Ng3 Ne4 44. Nh1 exf4
45. exf4 Kd5 46. a5 Nd6 47. Kc7 $10) 1/2-1/2

[Event "ROM-GER Kings"]
[Site "Medias"]
[Date "2015.11.02"]
[Round "4.3"]
[White "Parligras, Mircea Emilian"]
[Black "Donchenko, Alexander"]
[Result "1/2-1/2"]
[WhiteElo "2586"]
[BlackElo "2577"]
[Annotator "Bulmaga,I"]
[PlyCount "80"]
[EventDate "2015.10.30"]
[EventType "schev"]
[EventRounds "5"]
[EventCountry "ROU"]
[SourceTitle "CBM 169"]
[Source "ChessBase"]
[SourceDate "2015.11.10"]
[SourceVersion "1"]
[SourceVersionDate "2015.11.10"]
[SourceQuality "1"]
[WhiteTeam "Romania"]
[BlackTeam "Germany"]
[WhiteTeamCountry "ROU"]
[BlackTeamCountry "GER"]
[TimeControl "40/5400+30:1800+30"]

1. d4 Nf6 2. c4 e6 3. Nf3 Bb4+ 4. Bd2 a5 5. g3 b6 6. Bg2 Bb7 7. O-O O-O 8. Bg5
Be7 9. Qc2 Be4 10. Qd2 h6 11. Bxf6 Bxf6 12. Nc3 {[#]} d5 $6 {Der erste
kritische Moment der Partie. Schwarz musste sich entscheiden, ob er bei dem
üblichen Plan mit Bb7,d6,Nbd7 bleibt oder ob er so spielt wie in der Partie.
Ich glaube, der weißfeldrige Läufer war auf der Diagonale h1-a8 besser
aufgehoben.} (12... Bb7 13. e4 d6 14. Rad1 Nd7 $13) 13. Rfd1 Nc6 14. e3 Bh7 15.
Qe2 Rc8 16. Rac1 (16. cxd5 $5 exd5 17. Bh3 Rb8 18. Rac1 Ne7 19. Ne5 Bxe5 20.
dxe5 c6 21. Qd2 $14) 16... Ne7 17. e4 dxe4 18. Nxe4 Bxe4 19. Qxe4 Qd6 20. c5
Qd5 21. Qxd5 Nxd5 22. Ne5 Rcd8 23. a3 Ne7 24. Be4 g5 25. b4 (25. c6 Rd6 26. Nd7
Bxd4 27. Nxf8 Kxf8 $44) 25... axb4 26. axb4 bxc5 {[#]} 27. Rxc5 $6 {Plötzlich
hat Schwarz die bessere Bauernstruktur und leichten Vorteil im Endspiel.} (27.
bxc5 $11) 27... Bxe5 28. Rxe5 c6 $15 29. Rc5 Rd6 30. Kg2 Rfd8 31. Rc4 {[#]} e5
$6 (31... Kg7 $15) 32. Rdc1 exd4 33. Bxc6 Nxc6 34. Rxc6 Rxc6 35. Rxc6 d3 36.
Rc1 $11 Kg7 37. Kf3 d2 38. Rd1 Rb8 39. Rxd2 Rxb4 40. h3 Kg6 1/2-1/2

[Event "Nalchik FIDE GP (Women)"]
[Site "Nalchik"]
[Date "2011.10.20"]
[Round "10"]
[White "Zhao, Xue"]
[Black "Kosintseva, Tatiana"]
[Result "1-0"]
[WhiteElo "2497"]
[BlackElo "2536"]
[Annotator "CB"]
[PlyCount "57"]
[EventDate "2011.10.09"]
[EventType "tourn"]
[EventRounds "11"]
[EventCountry "RUS"]
[EventCategory "11"]
[SourceTitle "CBM 145"]
[Source "ChessBase"]
[SourceDate "2011.11.11"]
[SourceVersion "1"]
[SourceVersionDate "2011.11.11"]
[SourceQuality "1"]

1. d4 Nf6 2. c4 e6 3. Nf3 Bb4+ 4. Nbd2 O-O 5. a3 Be7 6. g3 b6 7. Bg2 Bb7 8. O-O
c5 9. d5 $146 {A novelty based on classic themes. Perhaps because the top
engines do not have it listed even in the their four foremost choices, no one 
(except a 2100 played once, eleven years ago) has bothered to try it until now.
} exd5 {The only way to challenge it. Other moves would allow White to
consolidate her bind on the center with e4 the next move.} 10. Nh4 Bc6 11. cxd5
Nxd5 12. Nf5 {There are numerous paths for Black and thus White, so there is
little point trying to overanalyze here. Time and further games will no doubt
give us the nitty-gritty on this new branch.} Nc7 13. e4 Bf6 14. Re1 d6 {
This is a mistake though. Black is not keen to allow White to keep control of
the d6 square, but there are more important priorities. Notably, not losing it.
} 15. Nc4 d5 16. Ncd6 $1 {Possibly the move that Kosintseva missed or did not
give enough credit.} dxe4 ({Black has no time to try and undermine the
intrepid knight on d6 with} 16... g6 $2 {as White has} 17. exd5 Be8 18. Nh6+
Kg7 19. Nxe8+ Nxe8 20. d6 $1) 17. Qg4 {The threat is Nh6+ Kh8 and Nxf7+
winning the queen.} Kh8 18. Nxe4 Ne6 19. Be3 Nd7 20. Rad1 Rb8 21. Rd6 $2 {
A mistake that could have lost the advantage she has built.} (21. Nfd6 {
was best and threatens Nxf7+ Rxf7 Qxe6, against which there is no defense.}
Bxe4 22. Bxe4 Qe7 (22... Nd4 23. Qh3 g6 24. Nb5 $1 $16) 23. Nf5 Qe8 24. Bf4 Ne5
25. Bxe5 Bxe5 26. Rd5 $16) 21... Bxe4 22. Bxe4 Qc7 $2 {A mistake but truly
thre was nothing obvious about Xue's combination.[#]} 23. Nxg7 $3 {Just
brilliant! Xue's knight not only faces superior forces on g7, but abandons the
rook on d6, yet in spite of the odds, this move wins in all variations.} Rg8 ({
The first question is: what happens if the queen takes the rook? The answer is:
a quick mate.} 23... Qxd6 $2 24. Qf5 {and there is no defense against Qxh7
mate.}) (23... Nxg7 {runs into the more obvious} 24. Rxd7 Qe5 (24... Qc8 25.
Bh6 Rg8 26. Qh3 {Threatening Bxh7 followed by all kinds of nastiness.}) 25. Bf4
) 24. Qd1 $6 {Not the strongest, but good enough.} ({Best was} 24. Nxe6 Qxd6
25. Qh3 Rg6 26. Bxg6 fxg6 27. Bf4 Qe7 28. Bxb8 $18) 24... Rxg7 25. Rxd7 Qe5 26.
Bh6 Qxb2 27. Bxg7+ Nxg7 28. Rxf7 Bd4 29. Qf3 1-0